NBA Most Improved Players of The Year - Sudden Death - Statistics

General Stats
  • This quiz has been taken 175 times
  • The average score is 3 of 6
Answers on the Grid
Answers color-coded by a green-red scale on the quiz's grid according to % correct below.
Zach Randolph
Coby White
LaMarcus Aldridge
Derrick White
Paul George
Andre Drummond
Victor Oladipo
Pascal Siakam
Jaren Jackson Jr.
Andre Iguodala
Tracy McGrady
Nikola Jokić
Ben Simmons
Kevin Duckworth
Mark Price
 
Answer Stats
Answer % Correct
Victor Oladipo
62%
Pascal Siakam
52%
Paul George
51%
Zach Randolph
48%
Tracy McGrady
44%
Kevin Duckworth
18%
No matching quizzes found
Score Distribution
Percent of People with Each Score
Percentile by Number Answered
Your Score History
You have not taken this quiz